000 00602nam 22001693 4500
001 199713
090 _a199713
100 _a20260102d u||y0pory50 ba
200 _aEx-voto : quadros votivos do concelho de Chamusca
_fAntónio Matias Coelho
210 _aChamusca
_cCâmara Municipal de Chamusca
_d1986
215 _cil. ; brochado
_d30 cm
_a23 f.
606 _92051
_aAntropologia Cultural. Etnologia. Etnografia. Usos e Costumes. Tradições. Modo de vida. Folclore
675 _a39
_vPT
_zpor
700 _910863
_aCoelho
_bAntónio Matias
_f1957-
801 _aPT
_bBMMN
_gRPC
830 _cVanda
990 _cLIVROS